00506 a2200181 450000500170000001000140001702000110003103500130004203700130005508200080006810000220007624500720009826000380017027000560020830000250026465000150028970000200030420100810101119.0 aENG-99291 c150.00 aEN-82823 bDBAD/PUB a658 aAppannaiah, H. R. aPrinciples of management /cby H. R. Appannaiah [and] H. R.Ramanath aMumbaibHimalaya pub. Housec2008 aRamdoot Dr. bhalerao marg, Girgaon bMumbaie400004 a311 p. c24cm.(Pbk) aManagement aRamanath, H. R.